Вып. 12; Бионика

Podrobná bibliografie
Parent link:Бионика: республиканский межведомственный сборник научных трудов/ Академия наук Украинской ССР (АН УССР), Институт гидромеханики. Вып. 12.— , 1969-1991
Další autoři: Логвинович Г. В.
Jazyk:ruština
Vydáno: 1978
Témata:
Médium: MixedMaterials Kniha
KOHA link:https://koha.lib.tpu.ru/cgi-bin/koha/opac-detail.pl?biblionumber=331520

MARC

LEADER 00000nam2a2200000 4500
001 331520
005 20231102004350.0
035 |a (RuTPU)RU\TPU\book\357347 
035 |a RU\TPU\book\357345 
090 |a 331520 
100 |a 20170426d1978 k y0rusy50 ca 
101 0 |a rus 
102 |a UA 
105 |a a z 001zy 
200 0 |a Вып. 12  |f гл. ред. Г. В. Логвинович 
210 |d 1978 
215 |a 120 с.  |c ил. 
320 |a Библиография в конце статей 
461 1 |0 (RuTPU)RU\TPU\book\222851  |t Бионика  |o республиканский межведомственный сборник научных трудов  |f Академия наук Украинской ССР (АН УССР), Институт гидромеханики  |v Вып. 12  |d 1969-1991 
606 1 |a Бионика  |x Кибернетика  |2 stltpush  |3 (RuTPU)RU\TPU\subj\28729  |9 52230 
610 1 |a гидродинамика 
610 1 |a обтекание тел 
610 1 |a морские животные 
610 1 |a сборники 
610 1 |a гидромеханика 
610 1 |a биоэнергетика 
610 1 |a сопротивление 
610 1 |a морфологическое строение 
610 1 |a кожный покров 
610 1 |a применение 
610 1 |a народное хозяйство 
675 |a 681.5:57  |v 3 
702 1 |a Логвинович  |b Г. В.  |4 651 
801 1 |a RU  |b 63413507  |c 20120419 
801 2 |a RU  |b 63413507  |c 20170428  |g RCR 
942 |c BK